Basic steps in planning nursing research

Bibliographic Details
Main Authors: Brink, Pamela J. (Author), Wood, Marilyn J. (Author)
Format: Book
Published: Monterey, Calif. : Wadsworth Health Sciences Division , c1983
Edition:2nd ed.
Subjects:

MARC

LEADER 00000cam a2200000 7i4500
001 0000008933
005 20021119093000.0
008 021119n
020 |a 0534012418 
090 0 0 |a RT81.5   |b .B74 1983 
100 0 |a Brink, Pamela J. ,   |e author 
245 0 0 |a Basic steps in planning nursing research   |c Pamela J. Brink, Marilyn J. Wood 
250 |a 2nd ed. 
260 2 |a Monterey, Calif. :   |b Wadsworth Health Sciences Division ,   |c c1983 
300 |a xii, 305 p. ; ;   |c 23 cm. 
504 |a Includes index 
650 0 |a Nursing   |x Research 
700 0 |a Wood, Marilyn J. ,   |e author 
999 |a 1000036695   |b Book   |c OPEN SHELF (30 DAYS)   |e Gong Badak Campus